00582 2200205 4500001002100000005001700021008004100038035002400079040001300103082001000116090001600126100002400142245007300166260002800239300001900267650004800286850001200334990001500346990001500361YOGYA-0412000000036920120423182744.0 ind  0010-041200000000369 aYOPDYOGI a810.9 a810.9 Yas K aYASSIN, H. B, 1917- aKesusastraan Indonesia Modern dalam Kritik dan Esei II /cH B Yassin aJakartabGramediac1985 a222 hlmc21 cm aKesusastraan Indonesia - Sejarah dan Kritik aYOPDYOG a45512-P/93 a45512-P/93